00433 2200157 4500001002100000005001500021008004100036020002200077035001900099082000800118090001400126100002000140245003300160260003700193300004500230INLIS00000000000741020241224113452241224||||||||| | ||| |||| ||  a978 602 8174 69 5 0010-12240074100 a813 a813 SUK s0 asukardi rinakit00aSLANK "5 Hero Dari Atlantis" aYogyakartabGalang Pustakac2013 aCet. I,2013;140 x 205 mm; viii + 272 hlm